000
00255nam a2200109Ia 4500
008
200302s9999 xx 000 0 und d
100
_a
Phyllis Lovell
245
_a
Pattern for Home-Making
260
_b
Mills & Boon Ltd.
260
_c
1957
300
_a
111 P.,
999
_c
320
_d
320